Normal view
MARC view
- Television authorship
Entry Topical Term
001 - CONTROL NUMBER
- control field: 37947
003 - CONTROL NUMBER IDENTIFIER
- control field: OSt
005 - DATE AND TIME OF LATEST TRANSACTION
- control field: 20150512104301.0
008 - FIXED-LENGTH DATA ELEMENTS
- fixed length control field: 150512|| aca||babn | a|a d
040 ## - CATALOGING SOURCE
- Original cataloging agency: OSt
150 ## - HEADING--TOPICAL TERM
- Topical term or geographic name as entry element: Television authorship
450 ## - SEE FROM TRACING--TOPICAL TERM
- Topical term or geographic name entry element: Television programs
- General subdivision: Authorship
450 ## - SEE FROM TRACING--TOPICAL TERM
- Topical term or geographic name entry element: Television scripts
- General subdivision: Authorship
450 ## - SEE FROM TRACING--TOPICAL TERM
- Topical term or geographic name entry element: Television writing
550 ## - SEE ALSO FROM TRACING--TOPICAL TERM
- Topical term or geographic name entry element: Authorship